000 00513nam a2200181Ia 4500
008 240925s9999 xx 000 0 und d
020 _a9780070252202
082 _a621.384165 LEE
100 _aLee, William C.Y.
245 0 _aMobile Communication Engineering: theory and application
250 _a2nd
260 _aNew Delhi:
_bTata McGraw Hill
_c,1998.
300 _axvii,942p.
_bNA
_fOriginal
500 _aIncludes Index
600 _aTelecommunication Engineering
650 _aTechnology
942 _cBK
999 _c10534
_d10534